1969 1366 1112 1549 1253 1680 1116 1110 1325 1576 1463 1585 1136 1992 1572 1306 1287 1093 1737 1788 1045 1654 1921 1881 1754 1510 1495 1489 1255 1094 1926 1368 1073 1613 1103 1800 1867 1310 1218 1033 1646 1188 1637 1773 1158 1720 1268 1296 1550 1151 1309 1803 1406 1964 1303 1595 1540 1091 1461 1069 1731 1704 1877 1341 1909 1080 1445 1393 1996 1474 1354 1249 1854 1070 1204 1935 1929 1935 1638 1232 1769 1764 1196 1064 1514 1491 1609 1762 1080 1776 1972 1220 1348 1706 1431 1532 1251 1413 1453 BCNSPRNW ULIB Ver.6.0+V

เปลี่ยนเป็นภาษาไทย

Change to English
 แสดงรายละเอียดบรรณานุกรม
  กลับหน้าหลัก

Brief Record : Get Marc (ISO 2709) : E-mail record : QR code < ปิดหน้าต่าง
LEADER : 00000nam 2200000uu 4500
001    13399123028
003     ULIB
008    131128s2555||||th 000 0 tha d
020    ^a9786162142765
090    ^aนว^bพ187พ ล.25
100 0  ^aพนมเทียน
245 10 ^aเพชรพระอุมา: จอมพราน เล่ม 1/^cพนมเทียน
250    ^aพิมพ์รวมเล่มครั้งที่ 6
260    ^aกรุงเทพฯ :^bณ บ้านวรรณกรรม,^c2555
300    ^a339 หน้า
505 00 ^a^gล.1-4^tไพรมหากาฬ --^gล.5-8^tดงมรณะ -- ^gล.9-12^tจอมผีดิบมันตรัย -- ^gล.13-16^tอาถรรพณ์นิทรานคร -- ^gล.17-20^tป่าโลกล้านปี -- ^gล.21-24^tแงซายจอมจักรา -- ^gล.25-28^tจอมพราน -- ^gล.29-32^tไอ้งาดำ -- ^gล.33-36^tจิตรางคนางค์-- ^gล.37-40^tนาคเทวี -- ^gล.41-44^tแด่ปางบรรพ์ -- ^gล.45-48^tมงกุฎไพร
650  4 ^aนวนิยายไทย
945    ^p225^l0^i034229
999    ^aเกษร โพธิ์สุวรรณ
รายการนี้ยังไม่มีแท็ก
คุณยังไม่ได้ล็อกอิน คุณสามารถมีกิจกรรมร่วมกับเว็บไซต์ได้ แต่ต้องล็อกอินก่อน ::
  ล็อกอิน

รายการสื่อสารสนเทศ

ลำดับที่ ประเภท เลขเรียก/บาร์โค้ด สถานที่ สถานะ
1. นวนิยาย
นวนิยาย
นว พ187พ ล.25 ฉ.1 
  Barcode: 034229
ห้องสมุดวิทยาเขตสวรรค์ประชารักษ์
►นวนิยาย
บนชั้น
  ขอยืม

รายการใกล้เคียง
    ผู้แต่ง [พนมเทียน]

    หัวเรื่อง [นวนิยายไทย]

BibComment


ยังไม่เคยถูกคอมเมนท์

คอมเมนท์ทรัพยากรรายการนี้
  คอมเมนท์: เพชรพระอุมา จอมพ..


 Copyright 2026. Bcnsprnw @Library